| 000 | 00886cam a2200253 a 4500 | ||
|---|---|---|---|
| 001 | 13159407 | ||
| 005 | 20160905094606.0 | ||
| 008 | 030411s2003 nyua 000 1 eng | ||
| 010 | _a 2003049070 | ||
| 020 | _a0802117465 | ||
| 040 |
_aDLC _cDLC _dDLC |
||
| 043 |
_an-us-tx _an-us-nv _an-us-ca |
||
| 050 | 0 | 0 |
_aPS3568.E28 _bL54 2003 |
| 082 | 0 | 0 |
_aDFic _22003 _bR24 |
| 100 | 1 | _aRechy, John. | |
| 245 | 1 | 4 |
_aThe life and adventures of Lyle Clemens : _ba novel / _cby John Rechy. |
| 250 | _a1st ed. | ||
| 260 |
_aNew York : _bGrove Press, _cc2003. |
||
| 300 |
_a324 pages : _billustrations ; _c24 cm. |
||
| 650 | 0 |
_aFiction _914086 |
|
| 906 |
_a7 _bcbc _corignew _d1 _eocip _f20 _gy-gencatlg |
||
| 942 |
_2ddc _cDFIC |
||
| 999 |
_c4326 _d4326 |
||